| 000 | 00583nam a2200169 a 4500 | ||
|---|---|---|---|
| 005 | 20140412111322.0 | ||
| 008 | 000821s19uu xx 00 eng d | ||
| 020 | _a0-88705-576-1 | ||
| 050 |
_aER _bNa22 1992 |
||
| 245 |
_aNaughty mice (The) / _cillustrated by John Collins. |
||
| 260 |
_aWestport, CT : _bWishing Well Books & Design, _c1992. |
||
| 300 | _a1 v. (unp.) ; ill. | ||
| 440 | _aA peek-through storybook | ||
| 520 | _aWhen five naughty mice find a basket full of clothes, the result is a book packed with surprises. | ||
| 650 | _aMice stories-Fiction | ||
| 999 |
_c104434 _d104434 |
||